World's Largest Producers of Cars Quiz Stats

 Plays Quiz Updated Mar 30, 2020

Support Sporcle.
Go Orange.
Score 0/10 Timer 02:00
10 Plays Today
% Correct
United States
96.4%
Germany
95.4%
Japan
92.4%
China
90.4%
South Korea
78.4%
India
63.2%
France
62%
Russia
54.4%
Brazil
52.2%
Spain
26.9%

You're not logged in!

Compare scores with friends on all Sporcle quizzes.
OR
Log In

From the Vault

Sunday Crossword: Vicious Circles

by Purple_Parrot

Don't screw with circles. They have infinite sides.
Remove Ads.
Support Sporcle.
Get the best of Sporcle when you Go Orange. This ad-free experience offers more features, more stats, and more fun while also helping to support Sporcle. Thank you for becoming a member.

Show Comments

Extras

Top Quizzes Today


Score Distribution

Your Account Isn't Verified!

In order to create a playlist on Sporcle, you need to verify the email address you used during registration. Go to your Sporcle Settings to finish the process.

Report this User

Report this user for behavior that violates our Community Guidelines.

Details: